EL TERRIBLE CRISTAL /

Zapisane w:
Opis bibliograficzny
1. autor: Hopkins, Gerard Manley (autor)
Format: Książka
Seria:LOS BIFIDOS
Hasła przedmiotowe:
Etykiety: Dodaj etykietę
Nie ma etykietki, Dołącz pierwszą etykiete!

MARC

LEADER 00000nam^a2200000^a^4500
001 000236976
005 20250521000000.0
009 20260310104916.755
020 |a 968-499-519-9 
035 |a 060505 
037 |a Acervo Xavier Clavigero 
082 |a 821. 8  |b HOP 
100 |a Hopkins, Gerard Manley  |e (autor) 
245 1 3 |a EL TERRIBLE CRISTAL /  |c G.M. HOPKINS ; TR. JUAN TOVAR 
264 |a MEXICO :  |b EL TUCAN DE VIRGINIA,  |c 1989 
300 |a 132 p. 
336 |a texto  |b txt  |2 rdacontenido 
337 |a sin mediación  |b n  |2 rdamedio 
338 |a volumen  |b nc  |2 rdasoporte 
440 |a LOS BIFIDOS 
649 |a XX 
650 |a POESIA INGLESA -  |x SIGLO XIX 
650 |a LITERATURA INGLESA -  |x SIGLO XIX 
910 |a Fondo General 
920 |a Impresos - Libros 
930 |a Colección General 
940 |a Literatura 
905 |a 101 
901 |a 060505  |b IT1  |c LIT  |i 060505  |u 20250521 
902 |a https://opac.biblio.iteso.mx/vufind/Record/000236976